Normal view
MARC view
- Cornell, R. K
Entry Personal Name
001 - CONTROL NUMBER
- control field: 45606
003 - CONTROL NUMBER IDENTIFIER
- control field: NUST
005 - DATE AND TIME OF LATEST TRANSACTION
- control field: 20210314133310.0
008 - FIXED-LENGTH DATA ELEMENTS
- fixed length control field: 210314|| aca||aabn | a|a d
040 ## - CATALOGING SOURCE
- Original cataloging agency: NUST
- Transcribing agency: NUST
100 ## - HEADING--PERSONAL NAME
- Personal name: Cornell, R. K
670 ## - SOURCE DATA FOUND
- Source citation: Work cat.: (NUST): Cornell, R. K., Heating and ventilating for architects and builders,, [c1946]
